000 01043nam a2200325 i 4500
001 000038660
003 DO-SdBNP
005 20251015150443.0
007 ta
008 130417t2013 dr 000 0 spa d
020 _a9789945165364
040 _aDO-SdBNP
_bspa
_cBNPHU
_erda
041 _aspa
082 4 _aRD861.44
_bG869a
_222
100 1 _aJosé Gris, Pedro,
_d1958-
_964987
_eautor
_4aut.
245 1 0 _aAniversario :
_bla nostalgia no tiene territorio /
_cPedro José Gris.
250 _aPrimera edición
264 4 _aSanto Domingo, República Dominicana :
_bEditora Búho,
_c©2013.
300 _a55 páginas :
_bIlustraciones ;
_c29 cm.
336 _atexto
_btxt
_2rdacontent
337 _asin medición
_bn
_2rdamedia
338 _avolumen
_bnc
_2rdacarrier
490 0 _aPoesía
500 _aIncluye datos biográficos del autor en la página 55
590 _aInventariado 2023 / MF
650 4 _aPoesía dominicana
650 4 _aLiteratura dominicana
910 _aValidado. Control de calidad/ MAA
942 _2ddc
_cLBS1
999 _c38150
_d38150